Soils and the enviroment : A guide to soil surveys and their applications
| Main Author: | |
|---|---|
| Format: | Book |
| Published: |
London :
Chapman and hall ,
c1981
|
| Subjects: |
MARC
| LEADER | 00000cam a2200000 7i4500 | ||
|---|---|---|---|
| 001 | 0000002071 | ||
| 005 | 20050427.0 | ||
| 020 | |a 0412876011 | ||
| 040 | |a INS | ||
| 090 | 0 | 0 | |a S592.14 |b O37 1981 |
| 100 | 1 | |a Olson, Gerald. W. | |
| 245 | 1 | 0 | |a Soils and the enviroment : |b A guide to soil surveys and their applications |c Gerald W. Olson |
| 260 | |a London : |b Chapman and hall , |c c1981 | ||
| 300 | |a 178p. : |b ill ; |c 25 cm. | ||
| 500 | |a Bibliography | ||
| 500 | |a Includes index | ||
| 650 | 0 | 0 | |a Soil surveys |
| 999 | |a 0000000634 |b BOOK |c Open Shelf |e Default branch | ||